Straßenbahnlinie 2 (Wien) - Statistiken

Allgemein
  • Dieses Quiz wurde 13 mal gespielt
  • Das Durchschnittsergebnis liegt bei 29 aus 35
Antwortstatistiken
Station % Korrekt
Albertgasse
100%
Blindengasse
100%
Dornbach
100%
Johann-Nepomuk-Berger-Platz
100%
Josefstädter Straße
100%
Lederergasse
100%
Oper, Karlsplatz
100%
Parlament
100%
Rathaus
100%
Ring, Volkstheater
100%
Römergasse
100%
Stubentor
100%
Am Tabor
83%
Burgring
83%
Dresdner Straße
83%
Friedrich-Engels-Platz
83%
Heinestraße
83%
Höchstädtplatz
83%
Julius-Raab-Platz
83%
Karmeliterplatz
83%
Marienbrücke
83%
Sandleitengasse
83%
Schwarzenbergplatz
83%
Schwedenplatz
83%
Taborstraße
83%
Traissengasse
83%
Weihburggasse
83%
Wilhelminenstraße
83%
Innstraße
67%
Liebknechtgasse
67%
Mayssengasse
67%
Rebhanngasse
67%
Gredlerstraße
50%
Neulerchenfelder Straße, Brunnengasse
50%
Neulerchenfelder Straße, Haberlgasse
33%
Keine übereinstimmenden Quizze gefunden
Verteilung der Resultate
Anzahl Personen mit jedem Resultat
Perzentil nach korrekt beantworteten Fragen
Ihre Resultats-Entwicklung
Sie haben dieses Quiz noch nicht gespielt